Vplyv aditív A pH na proces ozonizácie listnáčovej buničiny

Guardado en:
Detalles Bibliográficos
Autor principal: Jablonský, Michal
Formato: Libro
Lenguaje:eslovaco
Publicado: Bratislava Fakulta chemickej a potravinárskej technológie STU 2006
Materias:
Acceso en línea:Ver en el OPAC
Etiquetas: Agregar Etiqueta
Sin Etiquetas, Sea el primero en etiquetar este registro!

MARC

LEADER 00000nam a2200000 a 4500
005 20260127134149.0
008 080502 2006 xo 000 0 slo d
035 |a vtls009291326 
039 9 |a 200805200927  |b mschk02  |y 200805021112  |z mschk02 
040 |a STUSCHK1  |b slo  |c STUSCHK1  |e AACR2 
100 1 |a Jablonský, Michal 
245 1 |a Vplyv aditív A pH na proces ozonizácie listnáčovej buničiny 
260 |a Bratislava  |b Fakulta chemickej a potravinárskej technológie STU  |c 2006 
300 |a 174 s.  |b obr.,tab.,grafy,lit.  |c 30 cm 
500 |a Ústav polymérnych materiálov, Odd. chemickej technológie dreva, celulózy a papiera 
650 0 |a bielenie buničiny 
650 0 |a ozonizácia buničiny 
910 |a SCHK95 
999 |c 5579  |d 5579